| 000 | 00370nam a2200109Ia 4500 | ||
|---|---|---|---|
| 008 | 200302s9999 xx 000 0 und d | ||
| 100 | _aKamalika Bose | ||
| 245 | _aSeeking the Lost Layers an Inquiry into the Traditional Dwellings of the Urban Elite in North Calcutta | ||
| 260 | _bSid Research Cell School Interior design Publishing | ||
| 260 | _c2008 | ||
| 300 | _a181 P., | ||
| 999 |
_c5791 _d5791 |
||